V digitalizácii vidím obrovský potenciál

Otec legendárneho Websupportu - webhostingovej spoločnosti Michal Truban vidí obrovský potenciál Slovenska v digitalizácii, ako nielen dobehnúť, ale aj predbehnúť západné krajiny. Keď sa to mohlo podariť v Estónsku, so správnymi ľuďmi na správnom mieste to zvládneme aj my.

Gespeichert in:
Bibliographische Detailangaben
Format: Buchkapitel
Sprache:Slowakisch
Schlagworte:
Tags: Tag hinzufügen
Keine Tags, Fügen Sie das erste Tag hinzu!

MARC

LEADER 00000naa a2200000 4500
001 0261361
005 20200123113137.9
041 0 |a slo 
044 |a SK 
245 1 0 |a V digitalizácii vidím obrovský potenciál 
520 |a Otec legendárneho Websupportu - webhostingovej spoločnosti Michal Truban vidí obrovský potenciál Slovenska v digitalizácii, ako nielen dobehnúť, ale aj predbehnúť západné krajiny. Keď sa to mohlo podariť v Estónsku, so správnymi ľuďmi na správnom mieste to zvládneme aj my. 
610 2 0 |a firmy 
610 2 0 |a podnikatelia 
610 2 0 |a start-up 
610 2 0 |a stratégia podniková 
610 2 0 |a disciplína pracovná 
610 2 0 |a digitalizácia 
610 2 0 |a Slovensko